000 00248nam a2200109Ia 4500
008 190914s9999||||xx |||||||||||||| ||und||
100 _aPC Tulsian
245 0 _aCost Accounting
260 _aIndia
_bMcGraw Hill
_c303
300 _a2004
942 _cBK
999 _c9808
_d9808